[Event "Herbert W. Gustafson Memorial Open, S47039"]
[Site "CCLA"]
[Date "2014.10.27"]
[Round "?"]
[White "Quirk, Michael"]
[Black "Owens, Johnny"]
[Result "1/2-1/2"]
[WhiteElo "2205"]
[BlackElo "2150"]

1. e4 e6 2. d4 d5 3. Nd2 dxe4 4. Nxe4 Nd7 5. Nf3 Ngf6 6. Bd3 Be7 7. Qe2 
O-O 8. Bg5 h6 9. Nxf6+ Nxf6 10. Bxf6 Bxf6 11. Qe4 g6 12. h4 h5 13. O-O-O 
Bd7 14. Ne5 Bxe5 15. dxe5 Bc6 16. Qf4 Qd5 17. Kb1 Rad8 18. f3 Rfe8 19. c3 
Rf8 20. a3 Qb3 21. Bc2 Rxd1+ 22. Rxd1 Qb5 23. Qg5 Bd5 24. Kc1 c5 25. g4 
Bxf3 26. Bxg6 fxg6 27. Qxg6+ Kh8 28. Qxh5+ Kg7 29. Qg5+ Kh7 30. Qe7+ Kg8 
31. Qxe6+ Kh8 32. Qd6 Kg8 33. Qg6+ Kh8 34. Qh5+ Kg7 35. Re1 Bd5 36. e6 Rf2
37. Qg5+ 1/2-1/2

[Event "Herbert W. Gustafson Memorial Open, S47069"]
[Site "CCLA"]
[Date "2014.10.27"]
[Round "?"]
[White "Ragan, Anthony"]
[Black "Blake, Michael J."]
[Result "0-1"]
[WhiteElo "1900"]
[BlackElo "2008"]

1. e4 e6 2. d4 d5 3. Nc3 dxe4 4. Nxe4 Nd7 5. Nf3 Ngf6 6. Nxf6+ Nxf6 7. c3 
c5 8. Ne5 a6 9. Be3 Qc7 10. Qa4+ Nd7 11. Bd3 Be7 12. O-O O-O 13. Bf4 Rd8 
14. Qc2 Nf6 15. dxc5 Bxc5 16. Bg3 Bd6 17. Rfe1 b5 18. Rad1 Bb7 19. Qe2 Bd5
20. Qc2 g6 21. c4 bxc4 22. Nxc4 Bxg3 23. hxg3 Rac8 24. Qc3 Bxc4 25. Bxc4 
Rxd1 26. Rxd1 Ne4 27. Qc1 Qc5 28. Qc2 Nxf2 29. Qxf2 Qxf2+ 30. Kxf2 Rxc4 
31. Rd2 h5 32. a3 Kf8 33. Ke3 Ke7 34. Kf2 g5 35. Ke2 a5 0-1

[Event "Herbert W. Gustafson Memorial Open, S47039"]
[Site "CCLA"]
[Date "2014.10.27"]
[Round "?"]
[White "Quanzaah, Emmanuel"]
[Black "Owens, Johnny"]
[Result "1/2-1/2"]
[WhiteElo "2160"]
[BlackElo "2150"]

1. e4 e6 2. d4 d5 3. Nc3 dxe4 4. Nxe4 Nd7 5. Nf3 Ngf6 6. Nxf6+ Nxf6 7. c3 
c5 8. Ne5 a6 9. Be3 Qc7 10. Qa4+ Nd7 11. Bb5 cxd4 12. Bxd7+ Bxd7 13. Qxd4 
Bc8 14. O-O-O f6 15. Nc4 e5 16. Qd5 Bf5 17. f4 Rc8 18. Nb6 Rd8 19. Qb3 
Rxd1+ 20. Rxd1 Bg4 21. Rd2 exf4 22. Nd5 Qe5 23. Bf2 b5 24. a4 Bd6 25. axb5
axb5 26. g3 Qe6 27. Qxb5+ Kf7 28. Nxf4 Bxf4 29. gxf4 Kg6 30. Qd5 Qc8 31. 
Qg2 Kf7 32. Rd6 h5 33. Qc6 Qxc6 34. Rxc6 Re8 35. b4 Re2 36. Bg3 Bf5 37. c4
Be4 38. Rc7+ Kg6 39. b5 Kf5 40. c5 h4 41. Bxh4 Kxf4 42. c6 Rxh2 43. Be1 
Rh5 44. Rb7 Rc5+ 1/2-1/2

[Event "Regular Quad, S40349"]
[Site "CCLA"]
[Date "2014.10.13"]
[Round "?"]
[White "Gunning, Edward E."]
[Black "Mueller, Anthony"]
[Result "1-0"]
[WhiteElo "1350"]
[BlackElo "1367"]

1. e4 e6 2. Nc3 d5 3. d4 Nf6 4. e5 Ne4 5. Qf3 Bb4 6. Ne2 O-O 7. g3 Nxc3 8.
 Nxc3 Nc6 9. Qd3 f6 10. Bd2 fxe5 11. dxe5 Nxe5 12. Qe2 Rf5 13. O-O-O Bxc3 
14. Bxc3 Nc4 15. Bh3 Rf8 16. Bxe6+ Bxe6 17. Qxe6+ Kh8 18. Rxd5 Qe8 19. Qh6
Rf7 20. Rh5 Qg8 21. Re1 Nd6 22. f4 Re8 23. Rxe8 Nxe8 24. Qe6 Nf6 25. Re5 
Rf8 26. Qxg8+ Kxg8 27. Re7 Nd5 28. Rxg7+ Kh8 29. Rxc7+ Nxc3 30. Rxc3 Re8 
31. b3 Re2 32. h4 Rg2 33. a4 Kg7 34. Rc7+ Kh6 35. Rxb7 Rxg3 36. Rxa7 Rg4 
37. f5 Rxh4 38. f6 Rf4 39. f7 Kg6 40. c4 h5 41. c5 h4 42. Re7 h3 43. Re1 
Kxf7 44. Rh1 Rh4 45. Kb2 Ke6 46. Ka3 Kd5 47. b4 1-0

[Event "Premier Quad, S40409"]
[Site "CCLA"]
[Date "2014.11.24"]
[Round "?"]
[White "Clancey, James"]
[Black "Smail, John"]
[Result "1-0"]
[WhiteElo "2053"]
[BlackElo "1836"]

1. e4 e6 2. d4 d5 3. Nc3 Nf6 4. e5 Nfd7 5. f4 c5 6. Nf3 Nc6 7. Be3 a6 8. 
Qd2 b5 9. a3 cxd4 10. Nxd4 Nxd4 11. Bxd4 Bc5 12. Bxc5 Nxc5 13. Qd4 Qc7 14.
 Bd3 Nxd3+ 15. cxd3 Qa7 16. Qxa7 Rxa7 17. Ne2 Rc7 18. Kd2 Kd7 19. b4 Bb7 
20. Nd4 f6 21. Rae1 Rf8 22. Rhf1 Bc8 23. f5 1-0

[Event "Herbert W Gustafson Memorial, S47129"]
[Site "CCLA"]
[Date "2014.10.27"]
[Round "?"]
[White "Miner, David"]
[Black "Berger, Byron"]
[Result "1-0"]
[WhiteElo "1619"]
[BlackElo "1516"]

1. d4 e6 2. e4 d5 3. Nc3 Nf6 4. e5 Nfd7 5. f4 c5 6. Nf3 Nc6 7. Be3 cxd4 8.
 Nxd4 Bc5 9. Qd2 O-O 10. O-O-O a6 11. Qf2 Bxd4 12. Bxd4 b5 13. Be3 b4 14. 
Na4 a5 15. h4 Ba6 16. h5 Bxf1 17. Rhxf1 Ne7 18. h6 g6 19. Nb6 Rb8 20. Nxd7
Qxd7 21. g4 f5 22. exf6 Rxf6 23. Bd4 Rf7 24. Qe3 Rbf8 25. Rde1 Nc6 26. Bg7
d4 27. Qxe6 Qxe6 28. Rxe6 Rc8 29. Rfe1 1-0

[Event "Herbert W. Gustafson Memorial Open, S47019"]
[Site "CCLA"]
[Date "2014.10.27"]
[Round "?"]
[White "Edwards, K. E. D. G."]
[Black "Berthelot, Paul"]
[Result "1-0"]
[WhiteElo "2319"]
[BlackElo "2227"]

1. e4 e6 2. d4 d5 3. Nc3 Nf6 4. e5 Nfd7 5. f4 c5 6. Nf3 Nc6 7. Be3 cxd4 8.
 Nxd4 Bc5 9. Qd2 Nxd4 10. Bxd4 Bxd4 11. Qxd4 Qb6 12. O-O-O Qxd4 13. Rxd4 
a6 14. h4 Ke7 15. b3 b6 16. Be2 Bb7 17. Kb2 Rhc8 18. Nd1 b5 19. Ne3 Rc7 
20. h5 Rac8 21. h6 g6 22. Re1 Kf8 23. a4 bxa4 24. Rxa4 Nc5 25. Rd4 Rc6 26.
 Ra1 Rb6 27. Ng4 Nd7 28. Bd3 Rc7 29. Ne3 Nc5 30. Ra5 Bc8 31. Be2 Bb7 32. 
Bf1 Nd7 33. Ng4 Ke7 34. Bd3 Rc8 35. g3 Nb8 36. Ra3 Nd7 37. Ra1 Rc5 38. 
Rda4 Rc8 39. Rd1 Kf8 40. Rf1 Ke7 41. Raa1 Kf8 42. Ra3 Rcc6 43. Rfa1 Ke7 
44. Ra5 Bc8 45. Nh2 Kf8 46. c3 Nc5 47. Bc2 Rc7 48. Nf3 Nd7 49. b4 Rbc6 50.
 R1a3 Rb6 51. Ka2 Rbc6 52. Ba4 Rb6 53. Bxd7 Rxd7 54. Ng5 Kg8 55. Rc5 Rb8 
56. Rc6 Bb7 57. Rb6 Rc8 58. Nf3 Kf8 59. Kb2 Re7 60. Ng5 Kg8 61. b5 1-0

[Event "Premier Quad, S40409"]
[Site "CCLA"]
[Date "2014.11.24"]
[Round "?"]
[White "Stroup, Jim"]
[Black "Smail, John"]
[Result "1-0"]
[WhiteElo "1768"]
[BlackElo "1836"]

1. e4 e6 2. d4 d5 3. Nc3 Nf6 4. e5 Nfd7 5. f4 c5 6. Nf3 Nc6 7. Be3 cxd4 8.
 Nxd4 Bc5 9. Qd2 O-O 10. O-O-O a6 11. Qf2 Nxd4 12. Bxd4 Qc7 13. Bd3 Bxd4 
14. Qxd4 b5 15. Rhe1 Qc5 16. Ne2 Bb7 17. Qxc5 Nxc5 18. Nd4 f5 19. b4 Nxd3+
20. cxd3 Kf7 21. Kd2 Ke7 22. Rc1 Kd7 23. Nb3 Ra7 24. d4 Rc8 25. Nc5+ Ke7 
26. Re3 Rc6 27. Rh3 h6 28. Rg3 Kf8 29. Rcc3 1-0

[Event "Premier Quad, S40369"]
[Site "CCLA"]
[Date "2014.11.03"]
[Round "?"]
[White "Parenteau, Mike"]
[Black "Disque, Philip"]
[Result "1/2-1/2"]
[WhiteElo "1651"]
[BlackElo "1669"]

1. e4 e6 2. d4 d5 3. Nc3 Nf6 4. Bg5 dxe4 5. Nxe4 Nbd7 6. Bc4 Be7 7. Nxf6+ 
Bxf6 8. Bxf6 Nxf6 9. Nf3 O-O 10. O-O c6 11. Qd3 b5 12. Bb3 a5 13. c3 Ba6 
14. Rfe1 Qc7 15. Ne5 Rfd8 16. Qh3 Rd6 17. Bc2 g6 18. Re3 Kg7 19. Qh4 Re8 
20. Rh3 Qe7 21. Qh6+ Kg8 22. Ng4 Nh5 23. Rxh5 f5 24. Qxh7+ Qxh7 25. Rxh7 
Kxh7 26. Nf6+ Kh6 27. Nxe8 Rd8 28. Nc7 Bc8 29. Re1 Rd7 30. Na8 Rb7 31. Bb3
a4 32. Bxe6 Re7 33. d5 cxd5 34. Nb6 Rxe6 35. Rxe6 Bxe6 36. Kf1 Kg5 37. Ke2
Kf4 38. Na8 Bd7 39. Nb6 Be6 40. Kd3 Ke5 41. f4+ Kd6 42. Kd4 Bf7 43. Nc8+ 
Kc7 44. Na7 Kb6 45. Nc8+ 1/2-1/2

[Event "Regular Quad, S40429"]
[Site "CCLA"]
[Date "2014.12.12"]
[Round "?"]
[White "Klimushyn, Charles"]
[Black "Stevenson, Wayne"]
[Result "1-0"]
[WhiteElo "1648"]
[BlackElo "1540"]

1. e4 e6 2. d4 d5 3. Nc3 Nf6 4. Bg5 Bb4 5. exd5 exd5 6. Qf3 Nbd7 7. O-O-O 
Be7 8. Bd3 O-O 9. Nge2 Nb6 10. Ng3 Bg4 11. Qe3 Bxd1 12. Rxd1 Re8 13. Qd2 
g6 14. h4 c6 15. h5 Nc4 16. Bxc4 dxc4 17. hxg6 Bd6 18. gxh7+ Kxh7 19. Nf5 
Kg6 20. Nh4+ Kh7 21. Rh1 1-0

[Event "Open Server Series, S40039"]
[Site "CCLA"]
[Date "2014.01.31"]
[Round "?"]
[White "Disque, Philip"]
[Black "Smail, John"]
[Result "0-1"]
[WhiteElo "1669"]
[BlackElo "1836"]

1. e4 e6 2. d4 d5 3. Nc3 Nf6 4. Bg5 Bb4 5. exd5 Qxd5 6. Bxf6 Bxc3+ 7. bxc3
gxf6 8. Qd2 Nc6 9. Qf4 Qa5 10. Kd2 Ke7 11. Bd3 Rg8 12. Ne2 h5 13. g3 Bd7 
14. Rhb1 Rg4 15. Qe3 Nd8 16. h3 Rg8 17. h4 c5 18. Be4 Rc8 19. Bf3 Bc6 20. 
d5 Bb5 21. Nf4 e5 22. Nxh5 b6 23. d6+ Kxd6 24. Nxf6 Rg6 25. Ne4+ Ke7 26. 
a4 Bc6 27. h5 Rg8 28. Qh6 Bxe4 29. Bxe4 Ne6 30. Qe3 Rcd8+ 31. Ke2 Rg5 32. 
h6 f5 33. Bb7 f4 34. Qf3 e4 35. Bxe4 Re5 36. gxf4 Rf8 37. Rb5 Rxe4+ 38. 
Qxe4 Qxc3 39. Ra2 Rxf4 40. Qd3 Qe5+ 41. Kf1 Qh5 42. Qh7+ Kd6 43. Qd3+ Kc6 
44. c3 Qh1+ 45. Ke2 Re4+ 46. Kd2 Qxh6+ 47. Kc2 Qg6 48. Qf3 Ng5 49. Qg2 Qf5
50. Rbb2 Nf3 51. Qg8 Rg4+ 52. Kb3 Rxg8 0-1

[Event "Continuous Server Series, S40079"]
[Site "CCLA"]
[Date "2014.03.17"]
[Round "?"]
[White "Kline, John T."]
[Black "Catania, Duane"]
[Result "0-1"]
[WhiteElo "1569"]
[BlackElo "1774"]

1. e4 e6 2. d4 d5 3. Nc3 Nf6 4. Bg5 Bb4 5. exd5 Qxd5 6. Bxf6 gxf6 7. Qd2 
Bxc3 8. Qxc3 Nc6 9. Nf3 Bd7 10. Bc4 Qh5 11. O-O-O O-O-O 12. Rhe1 Rhg8 13. 
g3 Ne7 14. Qa3 Nc6 15. d5 Nb8 16. dxe6 Bxe6 17. Rxd8+ Rxd8 18. Bxe6+ fxe6 
19. Rxe6 Nc6 20. Rxf6 Qd5 21. Qd3 Qxa2 22. Qf5+ Kb8 23. Nd2 Qa1+ 24. Nb1 
Nb4 25. c3 Qa4 26. Nd2 Na2+ 27. Kb1 Nxc3+ 28. bxc3 Qd1+ 0-1

[Event "Premier Quad, S40389"]
[Site "CCLA"]
[Date "2014.11.24"]
[Round "?"]
[White "Sereni, Vincent T."]
[Black "Catania, Duane"]
[Result "1-0"]
[WhiteElo "2118"]
[BlackElo "1774"]

1. d4 e6 2. e4 d5 3. Nc3 Nf6 4. Bg5 Bb4 5. e5 h6 6. exf6 hxg5 7. fxg7 Rg8 
8. Qf3 Rxg7 9. O-O-O g4 10. Qd3 c6 11. Kb1 b6 12. h3 Qg5 13. hxg4 Qxg4 14.
 Nb5 Na6 15. Nf3 f6 16. Rh8+ Rg8 17. Qh7 Rxh8 18. Qxh8+ Kf7 19. Be2 Qg7 
20. Ne5+ fxe5 21. Bh5+ Kf6 22. dxe5+ Kg5 23. Qxg7+ 1-0

[Event "Premier Quad, S40289"]
[Site "CCLA"]
[Date "2014.09.15"]
[Round "?"]
[White "Sereni, Vincent T."]
[Black "Smail, John"]
[Result "1-0"]
[WhiteElo "2118"]
[BlackElo "1836"]

1. e4 e6 2. Nc3 d5 3. d4 Nf6 4. Bg5 Bb4 5. e5 h6 6. exf6 hxg5 7. fxg7 Rg8 
8. Qd2 Rxg7 9. O-O-O c5 10. a3 Bxc3 11. Qxc3 c4 12. g3 Nc6 13. Bxc4 Na5 
14. Bd3 Bd7 15. h4 Rg8 16. hxg5 Qxg5+ 17. Kb1 b6 18. Nf3 Qd8 19. Ne5 Rc8 
20. Qd2 Nc4 21. Bxc4 dxc4 22. Qf4 Qe7 23. Rh7 Rf8 24. Rdh1 1-0

[Event "Summer Server Series, S40061"]
[Site "CCLA"]
[Date "2014.07.28"]
[Round "?"]
[White "Fausey, Verna M."]
[Black "Smail, John"]
[Result "0-1"]
[WhiteElo "1747"]
[BlackElo "1836"]

1. e4 e6 2. d4 d5 3. Nc3 Nf6 4. Bg5 Bb4 5. e5 h6 6. Bd2 Bxc3 7. bxc3 Ne4 
8. Qg4 g6 9. Bd3 Nxd2 10. Kxd2 c5 11. Qf4 Nc6 12. Nf3 cxd4 13. cxd4 Qa5+ 
14. Ke2 b6 15. Rhc1 Ba6 16. a3 Rc8 17. Rf1 Qa4 18. Rg1 Qxc2+ 19. Qd2 Bxd3+
20. Ke3 Qxd2+ 21. Kxd2 Be4 22. Rac1 Bxf3 23. gxf3 Kd7 24. Kd3 Na5 25. h3 
Rc4 26. Rxc4 dxc4+ 27. Ke3 Rc8 28. Rg4 c3 0-1

[Event "Herbert W. Gustafson Memorial Open, S47079"]
[Site "CCLA"]
[Date "2014.10.27"]
[Round "?"]
[White "Fausey, Verna M."]
[Black "Smail, John"]
[Result "0-1"]
[WhiteElo "1747"]
[BlackElo "1836"]

1. e4 e6 2. d4 d5 3. Nc3 Nf6 4. Bg5 Bb4 5. e5 h6 6. Bd2 Bxc3 7. bxc3 Ne4 
8. Qg4 g6 9. Bd3 Nxd2 10. Kxd2 c5 11. Qf4 Nc6 12. Nf3 cxd4 13. cxd4 Qa5+ 
14. Ke2 b6 15. Nd2 Ba6 16. Nb3 Bxd3+ 17. cxd3 Qa4 18. Rhc1 O-O 19. Qe3 
Rac8 20. Kf1 Nb4 21. Qxh6 Rc2 22. Rab1 Qxa2 23. Qe3 Rb2 24. Rxb2 Qxb2 25. 
Na1 Na2 26. Re1 Rc8 27. Qe2 Qxe2+ 28. Kxe2 a5 29. Kd2 Kf8 30. Rb1 Nb4 31. 
Rb2 Rb8 32. Nc2 Nc6 33. Rb5 Na7 34. Rb3 b5 35. Rc3 b4 36. Rb3 Nc6 37. Rb2 
a4 38. f4 b3 39. Na3 Nxd4 40. Kc3 Nc6 41. Rd2 Rc8 42. Kb2 Nd4 43. Rf2 Ke7 
44. g4 Kd7 45. f5 g5 46. Rf1 Nc6 47. fxe6+ Kxe6 48. Re1 Nb4 49. Rd1 Kxe5 
50. Nb5 Rc2+ 0-1

[Event "NA Class B Server Championship, S40119"]
[Site "CCLA"]
[Date "2014.04.30"]
[Round "?"]
[White "Fausey, Verna M."]
[Black "Catania, Duane"]
[Result "1/2-1/2"]
[WhiteElo "1747"]
[BlackElo "1774"]

1. e4 e6 2. d4 d5 3. Nc3 Nf6 4. Bg5 Bb4 5. e5 h6 6. Bd2 Bxc3 7. bxc3 Ne4 
8. Qg4 g6 9. Bd3 Nxd2 10. Kxd2 c5 11. Qf4 cxd4 12. cxd4 Nc6 13. Nf3 Bd7 
14. Rhd1 Nb4 15. Rdb1 Nxd3 16. cxd3 Bc6 17. Ke2 Rc8 18. Nd2 b6 19. Rc1 Qe7
20. Rc3 Bb7 21. Rxc8+ Bxc8 22. Rc1 Kd7 23. Kf1 Ba6 24. Rc3 Rc8 25. Rxc8 
Bxd3+ 26. Kg1 Kxc8 27. Qe3 Ba6 28. Qxh6 Qb4 29. g3 Qe7 30. Qe3 Qb4 31. a3 
Qe7 32. Qc3+ Qc7 33. Qb4 Bd3 34. Kg2 a5 35. Qf8+ Kb7 36. Qe8 Ka6 37. a4 
Kb7 1/2-1/2

[Event "Winter Server Series, S40031"]
[Site "CCLA"]
[Date "2014.01.27"]
[Round "?"]
[White "Smiley, William R."]
[Black "Ramirez, Salvador"]
[Result "0-1"]
[WhiteElo "1530"]
[BlackElo "1589"]

1. e4 e6 2. d4 d5 3. Nc3 Nf6 4. Bg5 Be7 5. Bxf6 Bxf6 6. e5 Be7 7. Nf3 c5 
8. Be2 Bd7 9. O-O Qb6 10. b3 a6 11. a3 cxd4 12. Qxd4 Qxd4 13. Nxd4 Nc6 14.
 Nf3 Rc8 15. Nb1 Na5 16. Bd3 Bb5 17. Bxb5+ axb5 18. Nd4 Nc6 19. Nxc6 Rxc6 
20. c3 Kd7 21. b4 Rhc8 22. f4 Rc4 23. Rf3 Ke8 24. Ra2 f6 25. Re2 f5 26. g3
Kf7 27. Kf1 g5 28. Rd2 Kg6 29. Kg2 Bd8 30. Rc2 Bb6 0-1

[Event "Winter Server Series, S40021"]
[Site "CCLA"]
[Date "2014.01.27"]
[Round "?"]
[White "Bapple, Edward C."]
[Black "McLaughlin, Ed"]
[Result "1-0"]
[WhiteElo "1979"]
[BlackElo "1561"]

1. e4 e6 2. d4 d5 3. Nc3 Nf6 4. Bg5 Be7 5. e5 Nfd7 6. Bxe7 Qxe7 7. f4 a6 
8. Nf3 c5 9. dxc5 Qxc5 10. Qd2 Nc6 11. O-O-O b5 12. Bd3 Bb7 13. h4 Nb6 14.
 Rhf1 Nc4 15. Bxc4 Qxc4 16. Kb1 Ne7 17. g4 h5 18. Rg1 g6 19. gxh5 Rxh5 20.
 Rg5 Rh7 21. Ne2 Nf5 22. Rg4 Rc8 23. Ned4 Rh5 24. Nxf5 Rxf5 25. Nd4 Rh5 
26. Qf2 Ke7 27. Qg2 Rch8 28. f5 Rxh4 29. Rxh4 Rxh4 30. Qg5+ Kf8 31. Qxh4 
1-0

[Event "Continuous Server Series, S40159"]
[Site "CCLA"]
[Date "2014.05.19"]
[Round "?"]
[White "Kline, John T."]
[Black "Metz, Edward"]
[Result "1-0"]
[WhiteElo "1569"]
[BlackElo "1398"]

1. e4 e6 2. d4 d5 3. Nc3 Nf6 4. Bg5 Be7 5. e5 Nfd7 6. Bxe7 Qxe7 7. f4 O-O 
8. Nf3 c5 9. Qd2 Nc6 10. dxc5 Nxc5 11. Qe3 a6 12. a3 b5 13. b4 Bb7 14. 
bxc5 Rac8 15. Bd3 f6 16. Ne2 Na5 17. exf6 Rxf6 18. Ne5 Rxc5 19. Nd7 Qxd7 
20. Qxc5 Nc6 21. O-O Ne7 22. Nd4 Nc6 23. Rae1 Nxd4 24. Qxd4 Qd6 25. f5 e5 
26. Qxe5 Qxe5 27. Rxe5 d4 28. Rfe1 g6 29. Re7 Bd5 30. Rd7 Bf7 31. fxg6 
hxg6 32. Rf1 Rxf1+ 33. Kxf1 a5 34. Bxb5 Be6 35. Rxd4 1-0

[Event "Premier Quad, S40229"]
[Site "CCLA"]
[Date "2014.07.21"]
[Round "?"]
[White "Silverman, Robert"]
[Black "Disque, Philip"]
[Result "0-1"]
[WhiteElo "1871"]
[BlackElo "1669"]

1. e4 e6 2. d4 d5 3. Nc3 Bb4 4. Nf3 dxe4 5. Ne5 Nf6 6. Bd2 Qxd4 7. a3 Bc5 
8. Ng4 Nxg4 9. Qxg4 f5 10. Qe2 Qd7 11. O-O-O Qe7 12. Bf4 a6 13. f3 exf3 
14. gxf3 O-O 15. Nd5 exd5 16. Rxd5 Qxe2 17. Bxe2 Bb6 18. h4 c6 19. Re5 Bc7
20. Bc4+ Kh8 21. h5 Bxe5 22. Bxe5 Nd7 23. Bd6 b5 24. Bxf8 Nxf8 25. Bd3 Bd7
26. c4 Re8 27. Kd2 g5 28. h6 Ng6 29. cxb5 axb5 30. Rg1 Ne5 31. Be2 g4 32. 
fxg4 fxg4 33. b3 Nf3+ 34. Bxf3 gxf3 35. Re1 Rxe1 36. Kxe1 c5 0-1

[Event "Premier Quad, S40369"]
[Site "CCLA"]
[Date "2014.11.03"]
[Round "?"]
[White "Sereni, Vincent T."]
[Black "Stevens, Daniel L."]
[Result "1-0"]
[WhiteElo "2118"]
[BlackElo "1771"]

1. e4 e6 2. d4 d5 3. Nc3 Bb4 4. exd5 Qxd5 5. Nf3 Nf6 6. Bd3 O-O 7. O-O 
Bxc3 8. bxc3 Nbd7 9. c4 Qd6 10. c5 Qe7 11. c3 Rd8 12. Bg5 h6 13. Bh4 Qf8 
14. Re1 g6 15. Qd2 Qg7 16. a4 Nf8 17. Bxf6 Qxf6 18. Qxh6 Qg7 19. Qf4 f6 
20. a5 g5 21. Qg3 c6 22. Rab1 g4 23. Nd2 Rd5 24. Ne4 Rh5 25. Qxg4 1-0

[Event "NA Master/Expert Server Championship, S40099"]
[Site "CCLA"]
[Date "2014.04.30"]
[Round "?"]
[White "Young III, William C."]
[Black "Carter, Maurice H."]
[Result "1/2-1/2"]
[WhiteElo "2104"]
[BlackElo "2043"]

1. e4 e6 2. d4 d5 3. Nc3 Bb4 4. Ne2 dxe4 5. a3 Bxc3+ 6. Nxc3 Nc6 7. d5 
exd5 8. Qxd5 Be6 9. Qxe4 Nf6 10. Qh4 Qd4 11. Bg5 Qxh4 12. Bxh4 Ke7 13. Bd3
Ne5 14. Be4 Ng6 15. Bxf6+ gxf6 16. O-O-O c6 17. Rhe1 Rhe8 18. g3 Kf8 19. 
Bg2 Rad8 20. Rxd8 Rxd8 21. b3 f5 22. f4 Ne7 23. Rd1 Rxd1+ 24. Kxd1 Ke8 25.
 Ke2 Ng8 26. Na4 Ke7 27. Nc5 Bc8 28. c4 Kd6 29. Na4 1/2-1/2

[Event "Regular Quad, S40359"]
[Site "CCLA"]
[Date "2014.10.20"]
[Round "?"]
[White "Eife, Gunter"]
[Black "Mueller, Anthony"]
[Result "1/2-1/2"]
[WhiteElo "1448"]
[BlackElo "1367"]

1. e4 e6 2. d4 d5 3. Nc3 Bb4 4. e5 Bxc3+ 5. bxc3 Bd7 6. Nf3 Ne7 7. Bd3 Nf5
8. Bg5 f6 9. exf6 gxf6 10. Bf4 Nc6 11. Bxf5 exf5 12. Qe2+ Qe7 13. Qxe7+ 
Nxe7 14. Bxc7 Rc8 15. Bf4 Rxc3 16. Rc1 Ng6 17. Bd2 Ra3 18. Ra1 O-O 19. O-O
Re8 20. Bb4 Ra4 21. a3 Re2 22. Rac1 1/2-1/2

[Event "Premier Quad, S40369"]
[Site "CCLA"]
[Date "2014.11.03"]
[Round "?"]
[White "Parenteau, Mike"]
[Black "Stevens, Daniel L."]
[Result "0-1"]
[WhiteElo "1651"]
[BlackElo "1771"]

1. e4 e6 2. d4 d5 3. Nc3 Bb4 4. e5 c5 5. Qg4 Ne7 6. Bd2 Bxc3 7. Bxc3 O-O 
8. b3 f5 9. exf6 Rxf6 10. g3 e5 11. Qh4 cxd4 12. Bd2 Qf8 13. Nh3 Bxh3 14. 
Bxh3 Nbc6 15. O-O Ng6 16. Qh5 Nge7 17. Bg5 Rd6 18. a3 g6 19. Qh4 Nf5 20. 
Bxf5 Qxf5 21. Rac1 Qf3 22. Qh3 d3 23. cxd3 Rf8 24. Rcd1 Rf5 25. Bc1 Nd4 
26. Qg2 Qxg2+ 27. Kxg2 Nxb3 28. Bb2 d4 29. a4 Rc6 30. Rde1 Nc5 0-1

[Event "Premier Quad, S40479"]
[Site "CCLA"]
[Date "2014.12.31"]
[Round "?"]
[White "Klimushyn, Charles"]
[Black "Stevens, Daniel L."]
[Result "0-1"]
[WhiteElo "1648"]
[BlackElo "1771"]

1. e4 e6 2. d4 d5 3. Nc3 Bb4 4. e5 c5 5. Bd2 Nh6 6. Bxh6 gxh6 7. a3 Ba5 8.
 dxc5 Bxc3+ 9. bxc3 a6 10. c4 Qa5+ 11. Qd2 Qxc5 12. cxd5 exd5 13. Bd3 Nc6 
14. Nf3 Bg4 15. Qxh6 Bxf3 16. Qg7 Qc3+ 0-1

[Event "Herbert W. Gustafson Memorial Open, S47069"]
[Site "CCLA"]
[Date "2014.10.27"]
[Round "?"]
[White "Ragan, Anthony"]
[Black "Cacas, Alexander"]
[Result "1-0"]
[WhiteElo "1900"]
[BlackElo "1886"]

1. e4 e6 2. d4 d5 3. Nc3 Bb4 4. e5 c5 5. Bd2 Ne7 6. Nb5 Bxd2+ 7. Qxd2 O-O 
8. f4 Nbc6 9. Nf3 Nf5 10. dxc5 f6 11. exf6 Qxf6 12. O-O-O a6 13. Nc3 Bd7 
14. Bd3 Rac8 15. Bxf5 Qxf5 16. g3 Rfd8 17. Rhe1 Re8 18. Nd4 Nxd4 19. Qxd4 
Bc6 20. Re5 Qf8 21. Rde1 Qf6 22. h4 g6 23. h5 Kf7 24. g4 gxh5 25. g5 Qg6 
26. Rh1 Rg8 27. Qf2 d4 28. f5 Qxg5+ 29. Kb1 Qg7 30. fxe6+ Ke7 31. Ne4 Bxe4
32. Rxe4 Rcd8 33. Rhe1 Rgf8 34. Qh4+ Qf6 35. Qxh5 h6 36. c6 Qg5 37. Qh2 
Rd6 38. cxb7 Qf6 39. Rf4 Rxe6 40. Rxe6+ Qxe6 41. Qh4+ 1-0

[Event "Open Server Series, S40179"]
[Site "CCLA"]
[Date "2014.06.02"]
[Round "?"]
[White "Ramsden, Jim E."]
[Black "Carter, Maurice H."]
[Result "0-1"]
[WhiteElo "1836"]
[BlackElo "2041"]

1. e4 e6 2. d4 d5 3. Nc3 Bb4 4. e5 c5 5. a3 Bxc3+ 6. bxc3 Qa5 7. Bd2 Qa4 
8. Qb1 c4 9. Ne2 f6 10. f4 Nc6 11. Ng3 f5 12. Be2 b6 13. Qb2 Nge7 14. Nh5 
O-O 15. g4 Rf7 16. O-O fxg4 17. Bxg4 Nf5 18. Ng3 Nce7 19. Rfc1 Bd7 20. Qb4
g6 21. Qxa4 Bxa4 22. Rab1 Raf8 23. Rb4 Bc6 24. a4 Bd7 25. Ra1 Nc6 26. Rbb1
Na5 27. Kh1 Nh4 28. Rg1 Kh8 29. Raf1 Rg8 30. Be1 Nf5 31. Bxf5 gxf5 32. Nh5
Rg6 33. Nf6 Bxa4 34. Rg5 Rxg5 35. fxg5 Bxc2 36. Rf4 Nb3 37. Rh4 a5 38. g6 
Rg7 39. Bg3 f4 40. Rxf4 Bxg6 41. h4 a4 42. h5 Bf5 43. Bh4 a3 44. Ne8 a2 
45. Rf1 Nd2 46. Ra1 Be4+ 0-1

[Event "Herbert W. Gustafson Memorial Open, S47059"]
[Site "CCLA"]
[Date "2014.10.27"]
[Round "?"]
[White "Gredescul, Andrea"]
[Black "Carter, Maurice H."]
[Result "1/2-1/2"]
[WhiteElo "2026"]
[BlackElo "2041"]

1. e4 e6 2. d4 d5 3. Nc3 Bb4 4. e5 c5 5. a3 Bxc3+ 6. bxc3 Qa5 7. Bd2 Qa4 
8. Nf3 c4 9. h4 Ne7 10. h5 h6 11. g3 Na6 12. Nh4 Bd7 13. Bg2 O-O-O 14. O-O
Kb8 15. Bh3 b6 16. Ng2 Nc7 17. Ne3 Nc6 18. Ra2 Rhg8 19. Qf3 Rdf8 20. Rb1 
Qa5 21. a4 Nxd4 22. cxd4 Qxd2 23. a5 1/2-1/2

[Event "Herbert W. Gustafson Memorial Open, S47089"]
[Site "CCLA"]
[Date "2014.10.27"]
[Round "?"]
[White "Siegfried, Will"]
[Black "Gerber, David F."]
[Result "1/2-1/2"]
[WhiteElo "1714"]
[BlackElo "1731"]

1. e4 e6 2. d4 d5 3. Nc3 Bb4 4. e5 c5 5. a3 Bxc3+ 6. bxc3 Ne7 7. Qg4 O-O 
8. Bd3 f5 9. exf6 Rxf6 10. Bg5 Rf7 11. Qh5 g6 12. Qd1 Nbc6 13. Nf3 c4 14. 
Be2 Qf8 15. Qc1 Nf5 16. h4 Bd7 17. g4 Nd6 18. Bh6 Qd8 19. h5 Qe7 20. Qe3 
e5 21. hxg6 hxg6 22. Bg5 Qf8 23. Nxe5 Nxe5 24. dxe5 Ne4 25. Rh6 Rg7 26. 
Bf4 g5 27. Bh2 Re8 28. f3 Nc5 29. Qd4 Bc6 30. Kd2 Ne6 31. Qxa7 Nf4 32. 
Bxf4 Qxf4+ 33. Qe3 Qxe3+ 34. Kxe3 Rxe5+ 35. Kd2 Rge7 36. Rh2 Kg7 37. Rah1 
Kf7 38. Rh7+ Ke6 39. Rxe7+ Kxe7 40. Ra1 Kf6 41. a4 1/2-1/2

[Event "2014 Server Championship, S40029"]
[Site "CCLA"]
[Date "2014.01.27"]
[Round "?"]
[White "Edwards, K. E. D. G."]
[Black "Horwitz, Daniel M."]
[Result "1/2-1/2"]
[WhiteElo "2319"]
[BlackElo "2335"]

1. e4 e6 2. d4 d5 3. Nc3 Bb4 4. e5 c5 5. a3 Bxc3+ 6. bxc3 Ne7 7. Qg4 O-O 
8. Bd3 Nbc6 9. Qh5 Ng6 10. Nf3 Qc7 11. Be3 c4 12. Bxg6 fxg6 13. Qg4 b5 14.
 h4 Rf5 15. Qh3 h6 16. Qg3 Kh7 17. O-O Bd7 18. Qg4 Qa5 19. Bd2 Raf8 20. 
Rfe1 Qa4 21. Rec1 Ne7 1/2-1/2

[Event "Premier Quad, S40479"]
[Site "CCLA"]
[Date "2014.12.31"]
[Round "?"]
[White "Stroup, Jim"]
[Black "Stevens, Daniel L."]
[Result "1-0"]
[WhiteElo "1768"]
[BlackElo "1771"]

1. e4 e6 2. d4 d5 3. Nc3 Bb4 4. e5 c5 5. a3 Bxc3+ 6. bxc3 Ne7 7. Qg4 O-O 
8. Bd3 Nbc6 9. Qh5 Ng6 10. Nf3 Qc7 11. Be3 c4 12. Bxg6 fxg6 13. Qg4 Bd7 
14. h4 Rf5 15. h5 gxh5 16. Rxh5 Rxh5 17. Qxh5 Be8 18. Qh3 Nd8 19. Kd2 Bg6 
20. Rh1 Qf7 21. Nh4 b5 22. Qg4 a5 23. Nxg6 Qxg6 24. Qxg6 hxg6 25. Ke2 Nc6 
26. Rb1 Rb8 27. g4 Kf7 28. Kf3 b4 29. cxb4 axb4 30. axb4 Rxb4 31. Rxb4 
Nxb4 32. c3 Na6 33. Bc1 Nc7 34. Kf4 Na8 35. f3 Nb6 36. Ke3 g5 37. Kd2 Nc8 
38. Kc2 Kg6 39. Kb2 Kh6 40. Ka3 1-0